00465 a2200169 4500010001400000020002200014035001300036037001500049082001000064100001800074245006300092260006600155260000800221300002800229500002000257700001800277 aENG-86311 a8172149190c95.00 aEN-69844 bDBAD / PUB14a280.31 aCorwin, Chuck10aTheology for dummies /cby Chuck Corwin [and] C. V. Mathew aDelhibIndian Society for Promoting Christian Knowledgec2006 bUBS ax, 106 p. c21 cm. (Hb) aIncludes index. aMathew, C. V.